|
|
|
|
| LEADER |
01001nam a2200217 a 4500 |
| 001 |
GR-MES316 |
| 008 |
991111s1980 gr 000 b eng d |
| 040 |
|
|
|a GrPaTEI
|b gre
|c GR-PaULI
|
| 245 |
0 |
0 |
|a Review of breeding and propagation techniques for Grey Mullet,Mugil cephalus L.
|
| 260 |
|
|
|a Manila :
|b International center for living aquatic resourses management III,
|c 1980
|
| 300 |
|
|
|a vii, 88σελ. :
|b εικ.,πιν.
|
| 490 |
0 |
|
|a ICLARM Studies and reviews 3 ;
|v 3
|
| 504 |
|
|
|a Βιβλιογραφία: σελ.79-83
|
| 650 |
|
4 |
|a Υδατοκαλλιέργειες Grey Mullet
|
| 700 |
1 |
|
|a Shehadeh, Ziad H.
|
| 700 |
1 |
|
|a Νash, Colin E.
|
| 710 |
0 |
|
|a International center for living aquatic resourses management III
|
| 942 |
|
|
|2 ddc
|
| 952 |
|
|
|0 0
|1 0
|2 ddc
|4 0
|6 639_375000000000000_NAS
|7 0
|9 263536
|a MSLG
|b MSLG
|c BSC
|d 2021-01-17
|e 24
|f 0
|g 0.00
|l 0
|o 639.375 NAS
|p 2420000003906
|r 2021-01-17 00:00:00
|t 1
|w 2021-01-17
|y BK15
|x 19991111 0 1
|x GrPaTEI
|
| 971 |
|
|
|a .b25713577
|b 15-04-20
|c 13-09-16
|
| 999 |
|
|
|c 151714
|d 151714
|